| Tag |
First Indicator |
Second Indicator |
Subfields |
| LEADER |
00000cam a2200000 i 4500 |
| 001 |
in00005715021 |
| 005 |
20260319164123.3 |
| 006 |
m o d |
| 007 |
cr |n||||||||| |
| 008 |
170707s2017 enkabf ob 001 0 eng d |
| 040 |
|
|
|a YDX
|b eng
|e rda
|e pn
|c YDX
|d OCLCO
|d STBDS
|d GRU
|d STF
|d N$T
|d OCLCF
|d KSU
|d WYU
|d OCLCQ
|d MVS
|d OCLCO
|d OCLCQ
|d SFB
|d OCLCQ
|d OCLCO
|d OCLCL
|d OCLCO
|d OCLCQ
|
| 019 |
|
|
|a 957610224
|a 992498420
|a 994830148
|a 1004758900
|
| 020 |
|
|
|a 9780191780639
|q (electronic bk.)
|
| 020 |
|
|
|a 0191780634
|q (electronic bk.)
|
| 020 |
|
|
|a 9780191020117
|q (electronic bk.)
|
| 020 |
|
|
|a 0191020117
|q (electronic bk.)
|
| 020 |
|
|
|z 0198712146
|
| 020 |
|
|
|z 9780198712145
|
| 035 |
|
|
|a (OCoLC)993115001
|z (OCoLC)957610224
|z (OCoLC)992498420
|z (OCoLC)994830148
|z (OCoLC)1004758900
|
| 043 |
|
|
|a fs-----
|
| 050 |
|
4 |
|a QL737.C23
|b M55 2017
|
| 072 |
|
7 |
|a NAT
|x 019000
|2 bisacsh
|
| 072 |
|
7 |
|a SCI
|x 070030
|2 bisacsh
|
| 082 |
0 |
4 |
|a 599.74/428
|2 23
|
| 049 |
|
|
|a TXAM
|
| 100 |
1 |
|
|a Mills, M. G. L.,
|e author.
|
| 245 |
1 |
0 |
|a Kalahari cheetahs :
|b adaptations to an arid region /
|c by M.G.L. Mills, Lewis Foundation, South Africa ; Wildlife Conservation Research Unit, Department of Zoology, University of Oxford, and M.E.J. Mills, Lewis Foundation, South Africa ; in collaboration with C.T.T. Edwards - statistics, NIWA, Wellington, New Zealand, D. Gottelli - genetics, Institute of Zoology, Zoological Society of London, D.M. Scantlebury - energetics, Queen's University Belfast.
|
| 250 |
|
|
|a First edition.
|
| 264 |
|
1 |
|a Oxford, United Kingdom ;
|a New York, NY, United States of America :
|b Oxford University Press,
|c 2017.
|
| 264 |
|
4 |
|c ©2017
|
| 300 |
|
|
|a 1 online resource (xv, 207 pages, 8 unnumbered pages of plates) :
|b illustrations (some color), maps
|
| 336 |
|
|
|a text
|b txt
|2 rdacontent
|
| 337 |
|
|
|a computer
|b c
|2 rdamedia
|
| 338 |
|
|
|a online resource
|b cr
|2 rdacarrier
|
| 500 |
|
|
|a Statement of responsibility on cover: Gus & Margie Mills.
|
| 504 |
|
|
|a Includes bibliographical references (pages 189-204) and index.
|
| 505 |
0 |
|
|a 1. Introduction -- 2. Morphometrics, demographics, and genetic viability -- 3. Diet -- 4. Prey selection and the impact of cheetah predation on prey populations -- 5. Twenty-four-hour activity patterns and distances moved -- 6. Hunting behaviour -- 7. Foraging success -- 8. Energetics -- 9. Coexistence and the cheetah's relations with other carnivores -- 10. Socio-spatial organization and spatial ecology -- 11. Breeding, cub survival, and female reproductive success -- 12. The mating system -- 13. Conservation issues around cheetahs -- 14. Epilogue -- Appendices. Appendix 1. Common and scientific names of species mentioned in the text ; Appendix 2. Details of radio collaring ; Appendix 3. Customized CyberTracker template ; Appendix 4. Genetics methodology and analyses ; Appendix 5. Calculations of biomass eaten ; Appendix 6. Methods for measuring the abundance and dispersion of prey ; Appendix 7. Sex and ageing criteria for cheetah antelope prey.
|
| 588 |
0 |
|
|a Print version record.
|
| 520 |
8 |
|
|a This is a detailed study of the cheetah in an arid environment, addressing topics such as optimal foraging theory, hunting strategies and predator prey relations, mating systems, reproductive strategies and success, inter-specific competition, demography, social organisation, and population limitation.
|
| 650 |
|
0 |
|a Cheetah
|x Adaptation
|z Kalahari Desert.
|
| 650 |
|
0 |
|a Cheetah
|x Behavior
|z Kalahari Desert.
|
| 650 |
|
0 |
|a Cheetah
|x Ecology
|z Kalahari Desert.
|
| 650 |
|
0 |
|a Desert animals
|z Kalahari Desert.
|
| 650 |
|
0 |
|a Rare mammals
|z Kalahari Desert.
|
| 650 |
|
6 |
|a Guépard
|x Adaptation
|z Kalahari, Désert du.
|
| 650 |
|
6 |
|a Guépard
|x Mœurs et comportement
|z Kalahari, Désert du.
|
| 650 |
|
6 |
|a Guépard
|x Écologie
|z Kalahari, Désert du.
|
| 650 |
|
6 |
|a Faune désertique
|z Kalahari, Désert du.
|
| 650 |
|
6 |
|a Mammifères rares
|z Kalahari, Désert du.
|
| 650 |
|
7 |
|a NATURE
|x Animals
|x Mammals.
|2 bisacsh
|
| 650 |
|
7 |
|a SCIENCE
|x Life Sciences
|x Zoology
|x Mammals.
|2 bisacsh
|
| 650 |
|
7 |
|a Cheetah
|x Behavior
|2 fast
|
| 650 |
|
7 |
|a Desert animals
|2 fast
|
| 650 |
|
7 |
|a Rare mammals
|2 fast
|
| 651 |
|
7 |
|a Africa
|z Kalahari Desert
|2 fast
|1 https://id.oclc.org/worldcat/entity/E39PBJrgCmTBTpYyTphW8bTbVC
|
| 655 |
|
7 |
|a Electronic books.
|2 local
|
| 700 |
1 |
|
|a Mills, Margie,
|e author.
|1 https://id.oclc.org/worldcat/entity/E39PCjvvvt99qcJv4rxDQhPtPP
|
| 758 |
|
|
|i has work:
|a Kalahari cheetahs (Text)
|1 https://id.oclc.org/worldcat/entity/E39PCGjYHJ3gwtJjJPWGMDjHYd
|4 https://id.oclc.org/worldcat/ontology/hasWork
|
| 776 |
0 |
8 |
|i Print version:
|z 0198712146
|z 9780198712145
|
| 856 |
4 |
0 |
|u http://proxy.library.tamu.edu/login?url=https://academic.oup.com/book/26973
|z Connect to the full text of this electronic book
|t 0
|
| 936 |
|
|
|a BATCHLOAD
|
| 955 |
|
|
|a Oxford Scholarship Online
|
| 994 |
|
|
|a 92
|b TXA
|
| 999 |
f |
f |
|i 2f8faf21-401c-4839-bf7f-0d432712de73
|s caec317c-e75a-4326-8145-01ea2f5afa08
|t 0
|
| 952 |
f |
f |
|a Texas A&M University
|b College Station
|c Electronic Resources
|s www_evans
|d Available Online
|t 0
|e QL737.C23 M55 2017
|h Library of Congress classification
|
| 998 |
f |
f |
|a QL737.C23 M55 2017
|t 0
|l Available Online
|